| 000 | 00896 a2200217 4500 | ||
|---|---|---|---|
| 003 | NUST | ||
| 005 | 20221121181330.0 | ||
| 010 | _a 75017864 | ||
| 020 | _a0716704625 | ||
| 040 | _cNust | ||
| 082 | _a515.63,MAR | ||
| 100 | 1 |
_aMarsden, Jerrold E. _952081 |
|
| 245 | 1 | 0 |
_aVector calculus / _cJerrold E. Marsden and Anthony J. Tromba, with the assistance of Joanne Seitz and Michael Hoffman. |
| 260 |
_aSan Francisco : _bW. H. Freeman, _cc1976. |
||
| 300 |
_axiv, 449 p. : _bill. ; _c24 cm. |
||
| 505 | _aThe Geometry of Euclidean Space (Page-1), Differentiation (Page-51), Vector-Valued Functions (Page-138), Higher-Order Derivatives Maxima and Minima (Page-171), Integration (Page-202), Integrals Over Paths and Surfaces (Page-281), Vector Analysis (Page-344). | ||
| 650 | 0 | _aCalculus. | |
| 650 | 0 | _aVector analysis. | |
| 700 | 1 |
_aTromba, Anthony, _9103309 |
|
| 942 |
_2ddc _cBK _k515.63,MAR |
||
| 999 |
_c179339 _d179339 |
||